Statistics for Famous football players #6

Click here to take the quiz!

General Stats

  • This quiz has been taken 41 times
  • The average score is 12 of 16

Answer Stats

Answer% Correct
Robert Lewandowski
100%
Harry Kane
97%
Antoine Griezmann
95%
Paul Pogba
95%
Samuel Eto'o
87%
Diego Costa
84%
Pavel Nedvěd
84%
Christian Eriksen
82%
Keylor Navas
74%
Ricardo Quaresma
71%
Hakim Ziyech
66%
Mohamed Elneny
61%
Aaron Mooy
58%
Igor Akinfeev
58%
Diego Laxalt
45%
Alireza Jahanbakhsh
29%

Score Distribution

Percentile by Number Answered

Percent of People with Each Score

Your Score History

You have not taken this quiz